Winter Olympic Sports by Symbol - Statistics

General Stats
  • This quiz has been taken 794 times
  • The average score is 10 of 16
Answer Stats
Picture Answer % Correct
{Ice} {Hockey}
99%
{Curling}
92%
{Bobsleigh}
85%
{Snowboarding}
85%
{Figure} Skating
84%
Ski {Jumping}
81%
Short Track {Speed} {Skating}
71%
{Skeleton}
68%
{Cross}-{Country} Skiing
66%
{Luge}
63%
{Speed} {Skating}
61%
{Biathlon}
54%
{Alpine} Skiing
48%
{Nordic} Combined
45%
{Freestyle} Skiing
36%
Ski {Mountaineering}
6%
No matching quizzes found
Score Distribution
Percent of People with Each Score
Percentile by Number Answered
Your Score History
You have not taken this quiz